| 000 | 00827nam a2200181 i 4500 | ||
|---|---|---|---|
| 001 | 75883 | ||
| 003 | ES-MaACL | ||
| 005 | 20230906172635.0 | ||
| 007 | t| | ||
| 008 | 040928q1950 sp ||||1| spa d | ||
| 100 | 1 |
_aGuallart y López de Goicoechea, José. _960297 |
|
| 245 | 1 | 0 |
_aPreocupaciones internacionales en torno al menor _b: ponencia a la XIII Asamblea General de la Unión Nacional de Tribunales Tutelares de Menores, Valencia, mato de 1950 / _cJosé Guallart y López de Goicoechea. |
| 260 |
_aZaragoza : _bTribunal Tutelar de Menores, _c[1950?] ( _fNoticiero) |
||
| 300 |
_a25 p. ; _c21 cm. |
||
| 710 | 2 |
_aTribunal Tutelar de Menores (Zaragoza) _96988 |
|
| 711 | 2 |
_aAsamblea General de la Unión Nacional de Tribunales Tutelares de Menores ( _n13ª. _d1950. _cValencia) _925 |
|
| 852 |
_aES-MaACL _j1922-F-8 _bR.30348 |
||
| 999 |
_c75883 _d75883 |
||